03400nab a2200277 i 4500003000900000005001700009008004100026040001800067072000800085100001600093100002100109100001800130100001500148100001600163100001800179100002000197245014700217500007500364520113200439520121601571650001102787650001702798650002302815773021302838856007103051BR-BrBNA20240815135623.0240815b2017 bl.qr|pooa||| 00| 0 por | aBR-BrBNAbpor aF60 aSousa, A.P. aNascimento, E.S. aMadruga, M.S. aLima, E.O. aSilva, D.F. aGadelha, T.S. aGadelha, C.A.A. aDeterminação do potencial antioxidante, antibacteriano e antifúngico da fração proteica dioscorina de inhame (Dioscorea cayennensis) aPublicação on-line; 47 ref.; 1 table; 1 illus.; Summaries (En, Pt) a RESUMO: O objetivo deste trabalho foi avaliar a ação da fração proteica dioscorina (FPD) presente nos tubérculos de D. cayennensis frente a cepas de microrganismos (bactérias e fungos), bem como determinar o seu potencial antioxidante. O isolamento da FPD foi realizado com a extração proteica em Tris-HCl 0,05M pH 8,3, seguido de precipitação em Sulfato de Amônio (F45-75). Foi determinada a atividade antioxidante pelos métodos de ABTS e DPPH. Devido à presença de maior teor de aminoácidos específicos (Ácido glutâmico, Ácido Aspártico e Arginina), a FPD demonstrou um relevante potencial de sequestro de radicais livres, sugerindo que a interação destes aminoácidos parece atuar em moléculas reativas tornando- -as estáveis. Por fim, na avaliação da atividade antibacteriana e antifúngica do extrato total e da FPD frente a diferentes cepas de micro-organismos, foi detectado potencial antibacteriano entre 50-500 µg/mL de proteína para inibição do crescimento da cepa L. monocytogenes. Palavras-chaves: Proteínas, atividades biológicas, Dioscorina a ABSTRACT: Determination of the antioxidant, antibacterial and antifungal potential of the dioscorin protein fraction of yam (Dioscorea cayennensis). The aim of this work was to evaluate the action of the dioscorin protein fraction (DPF) present in the tubers of D. cayennensis against strains of microorganisms (bacteria and fungi) as well as to determine their antioxidant potential. Isolation of DPF was performed with protein extraction in 0.05M Tris-HCl pH 8.3, followed by precipitation in Ammonium Sulfate (F45-75). The antioxidant activity was estimated by the ABTS and DPPH methods. Due to the presence of a higher content of specific amino acids (glutamic acid, aspartic acid and arginine), DPF demonstrated a relevant free radical sequestration potential, suggesting that the interaction of these amino acids seems to act on reactive molecules, making them stable. Finally, in the evaluation of the antibacterial and antifungal activity of the total extract and DPF against different strains of microorganisms, an antibacterial potential was detected between 50-500 μg / mL of protein to inhibit the growth of the L. monocytogenes strain. Keywords: Proteins, Biological activites, Dioscorina.  aINHAME aANTIOXIDANTE aPROTEÍNA VEGETAL0 03543dBotucatu-SP Instituto de Biociências - Departamento de Química e Bioquímica 1998o2024-3799tRevista Brasileira de Plantas Medicinais (Brazil)x1516-0572gv. 19(3) p. 457-465; (2017)wBR2024002135 uhttps://www.sbpmed.org.br/admin/files/papers/file_fTQd66hz6jX3.pdf